000 00461nam a2200169Ia 4500
008 230524s9999 xx 000 0 und d
020 _a8123913621
082 _a624.15
_bMUR
100 _aV.N.S. Murthy
245 0 _aText Book of Soil Mechanics and Foundation Engineering (Geotechnical Engineering Series)
250 _a2
260 _aNew Delhi
_bCBS
_c2015
300 _a"xxiii,1039p;"
500 _aQuantity Number: 2
650 _aCivil
942 _cBK
999 _c55301
_d55301